<?xml version="1.0" encoding="UTF-8"?>
<record
    xmlns:xsi="http://www.w3.org/2001/XMLSchema-instance"
    xsi:schemaLocation="http://www.loc.gov/MARC21/slim http://www.loc.gov/standards/marcxml/schema/MARC21slim.xsd"
    xmlns="http://www.loc.gov/MARC21/slim">

  <leader>03723nam a2200565Ia 4500</leader>
  <controlfield tag="001">5581</controlfield>
  <controlfield tag="008">241029s9999    xx            000 0 und d</controlfield>
  <datafield tag="010" ind1=" " ind2=" ">
    <subfield code="a">5258</subfield>
  </datafield>
  <datafield tag="041" ind1=" " ind2=" ">
    <subfield code="a">Espa&#xF1;ol</subfield>
  </datafield>
  <datafield tag="082" ind1=" " ind2=" ">
    <subfield code="a">NO APLICA</subfield>
  </datafield>
  <datafield tag="245" ind1=" " ind2="0">
    <subfield code="a">Diagn&#xF3;stico del uso de las TICs, en los docentes en el proceso de ense&#xF1;anza aprendizaje del &#xC1;lgebra en el Primer Grado de Primer Ciclo Nivel Medio en el Liceo Juan Ram&#xF3;n N&#xFA;&#xF1;ez Castillo, Distrito Educativo 15-01 a&#xF1;o escolar 2014 - 2015.</subfield>
  </datafield>
  <datafield tag="260" ind1=" " ind2=" ">
    <subfield code="a">Santo Domingo</subfield>
  </datafield>
  <datafield tag="300" ind1=" " ind2=" ">
    <subfield code="a">84</subfield>
  </datafield>
  <datafield tag="520" ind1=" " ind2=" ">
    <subfield code="a">52</subfield>
  </datafield>
  <datafield tag="630" ind1=" " ind2=" ">
    <subfield code="a">Diagn&#xF3;stico</subfield>
  </datafield>
  <datafield tag="630" ind1=" " ind2=" ">
    <subfield code="a">Ense&#xF1;anza Virtual</subfield>
  </datafield>
  <datafield tag="630" ind1=" " ind2=" ">
    <subfield code="a">Ense&#xF1;anza-Aprendizaje</subfield>
  </datafield>
  <datafield tag="630" ind1=" " ind2=" ">
    <subfield code="a">Tecnolog&#xED;a de la Informaci&#xF3;n y Comunicaci&#xF3;n (TICs)</subfield>
  </datafield>
  <datafield tag="630" ind1=" " ind2=" ">
    <subfield code="a">Tecnolog&#xED;a Educativa</subfield>
  </datafield>
  <datafield tag="650" ind1=" " ind2=" ">
    <subfield code="a">Matem&#xE1;tica</subfield>
  </datafield>
  <datafield tag="690" ind1=" " ind2=" ">
    <subfield code="a">Sintetizado</subfield>
  </datafield>
  <datafield tag="700" ind1=" " ind2=" ">
    <subfield code="e">asesor</subfield>
    <subfield code="a">Castro Ara&#xFA;jo ,  Luc&#xED;a </subfield>
  </datafield>
  <datafield tag="700" ind1=" " ind2=" ">
    <subfield code="e">autor</subfield>
    <subfield code="a">Tejeda Matos ,  Edisson </subfield>
  </datafield>
  <datafield tag="901" ind1=" " ind2=" ">
    <subfield code="a">{"1":"Tejeda Matos "}</subfield>
    <subfield code="b">{"1":" Edisson "}</subfield>
  </datafield>
  <datafield tag="902" ind1=" " ind2=" ">
    <subfield code="a">1</subfield>
  </datafield>
  <datafield tag="903" ind1=" " ind2=" ">
    <subfield code="a">{"1":"Castro Ara&#xFA;jo "}</subfield>
    <subfield code="b">{"1":" Luc&#xED;a "}</subfield>
  </datafield>
  <datafield tag="904" ind1=" " ind2=" ">
    <subfield code="a">Maestr&#xED;a Profesionalizante en</subfield>
  </datafield>
  <datafield tag="905" ind1=" " ind2=" ">
    <subfield code="a">Did&#xE1;ctica de las Matem&#xE1;ticas</subfield>
  </datafield>
  <datafield tag="906" ind1=" " ind2=" ">
    <subfield code="a">2</subfield>
  </datafield>
  <datafield tag="907" ind1=" " ind2=" ">
    <subfield code="a">NO APLICA</subfield>
  </datafield>
  <datafield tag="908" ind1=" " ind2=" ">
    <subfield code="a">NO APLICA</subfield>
  </datafield>
  <datafield tag="909" ind1=" " ind2=" ">
    <subfield code="a">Universidad Aut&#xF3;noma de Santo Domingo (UASD)</subfield>
  </datafield>
  <datafield tag="910" ind1=" " ind2=" ">
    <subfield code="a">NULL</subfield>
    <subfield code="b">NULL</subfield>
  </datafield>
  <datafield tag="911" ind1=" " ind2=" ">
    <subfield code="a">["1"]</subfield>
  </datafield>
  <datafield tag="912" ind1=" " ind2=" ">
    <subfield code="a">NO APLICA</subfield>
  </datafield>
  <datafield tag="913" ind1=" " ind2=" ">
    <subfield code="a">NULL</subfield>
  </datafield>
  <datafield tag="914" ind1=" " ind2=" ">
    <subfield code="a">03 de Agosto de 2015</subfield>
  </datafield>
  <datafield tag="915" ind1=" " ind2=" ">
    <subfield code="a">30/11/19 08:11</subfield>
  </datafield>
  <datafield tag="916" ind1=" " ind2=" ">
    <subfield code="a">NULL</subfield>
  </datafield>
  <datafield tag="917" ind1=" " ind2=" ">
    <subfield code="a">NULL</subfield>
  </datafield>
  <datafield tag="918" ind1=" " ind2=" ">
    <subfield code="a">NO APLICA</subfield>
  </datafield>
  <datafield tag="919" ind1=" " ind2=" ">
    <subfield code="a">["217","210","89","296","191"]</subfield>
  </datafield>
  <datafield tag="520" ind1=" " ind2=" ">
    <subfield code="a">El estudio planteo como objetivo, valorar de la formaci&#xF3;n y uso de las TICS de los docentes en el proceso de ense&#xF1;anza aprendizaje del &#xC1;lgebra en el Primer Grado de Primer Ciclo del Nivel Medio en el Liceo Juan Ram&#xF3;n N&#xFA;&#xF1;ez Castillo Distrito Educativo 15-01 a&#xF1;o escolar 2014-2015. El enfoque fue de corte mixto cualitativo y cuantitativa, fueron utilizados los m&#xE9;todos inductivo - deductivo, anal&#xED;tico y s&#xED;ntesis, la t&#xE9;cnica de recolecci&#xF3;n utilizada fueron, la observaci&#xF3;n, y la encuesta. La poblaci&#xF3;n en estudio estuvo constituida por 5 docentes del &#xE1;rea de Matem&#xE1;tica del. Liceo Juan Ram&#xF3;n N&#xFA;&#xF1;ez Castillo. Se ha decidido trabajar con toda la poblaci&#xF3;n debido a lo poco representativa de la misma.&#xA0;El estudio concluy&#xF3; que, el Liceo Juan Ram&#xF3;n N&#xFA;&#xF1;ez Castillo, cuenta con medios tecnol&#xF3;gicos, de los cuales los docentes manejan solo algunos de ellos. Pero no lo utilizan en el proceso de ense&#xF1;anza aprendizaje del &#xC1;lgebra debido a la falta de capacitaci&#xF3;n para su uso, lo que les dificulta la utilizaci&#xF3;n de los mismo en su labor docente. Adem&#xE1;s, se evidenci&#xF3; que, aunque ellos no utilizan las TICS reconocen que puede ser un recurso valioso si se incorpora en el proceso de ense&#xF1;anza por lo que &#xE9;stos se mostraron motivados y abiertos a las capacitaciones que lleguen acerca del uso de las TICS.El estudio recomend&#xF3;, orientar a los docentes sobre la importancia de las TICS como recurso pedag&#xF3;gico. Capacitar a los docentes de dicho centro en el uso de las TICS. Impartir curso sobre uso y manejo de software educativos como son: GeoGebra, Derive, E-learning etc. &#xA0;Orientar a los docentes de dicho centro para que en la planificaci&#xF3;n de cada unidad de clase sean incluida el uso de las TICS. Dotar dicho centro de servicio de Internet y un mejor servicio de energ&#xED;a el&#xE9;ctrica. Asignar tareas a los estudiantes que implique el uso de las TICS. Incorporar a los docentes de dicho centro en los programas de becas de maestr&#xED;a y posgrado para ampliar sus conocimientos en su &#xE1;rea y mejorar su pr&#xE1;ctica pedag&#xF3;gica.&#xA0;</subfield>
  </datafield>
  <datafield tag="921" ind1=" " ind2=" ">
    <subfield code="a">50</subfield>
  </datafield>
  <datafield tag="922" ind1=" " ind2=" ">
    <subfield code="a">50</subfield>
  </datafield>
  <datafield tag="923" ind1=" " ind2=" ">
    <subfield code="a">0</subfield>
  </datafield>
  <datafield tag="924" ind1=" " ind2=" ">
    <subfield code="a">20190910192438</subfield>
  </datafield>
  <datafield tag="942" ind1=" " ind2=" ">
    <subfield code="c">Tesis</subfield>
  </datafield>
  <datafield tag="999" ind1=" " ind2=" ">
    <subfield code="c">5258</subfield>
    <subfield code="d">5258</subfield>
  </datafield>
</record>
